French Passé Composé - Statistics

General Stats
  • This quiz has been taken 94 times
  • The average score is 6 of 21
Answer Stats
English French % Correct
I ate J'ai mangé
99%
She watched Elle a regardé
78%
He arrived Il est arrivé
76%
We saw Nous avons vu
61%
We drank Nous avons bu
42%
He did Il a fait
33%
He made Il a fait
33%
You walked Tu as marché
28%
I played J'ai joué
27%
I drove J'ai conduit
24%
She swam Elle a nagé
18%
We fell Nous sommes tombés
10%
You (Plural) learned vous avez appris
10%
I met J'ai rencontre
9%
You read Tu as lis
9%
They left Ils sont partis
7%
They wanted Ils voulaient
7%
They had Ils avaient
6%
I ran J'ai courué
3%
She is il est été
1%
You (Plural) went Ils es allé
1%
No matching quizzes found
Score Distribution
Percent of People with Each Score
Percentile by Number Answered
Your Score History
You have not taken this quiz